000 00396nam a22001457a 4500
003 OSt
005 20160727222346.0
008 160621b xxu||||| |||| 00| 0 eng d
040 _cTEST
100 _9261
_aDiulio, E. A
245 _aTheory and problems of Macro Conomic Theory
260 _aMc Graw
_bHill California
_c1983
300 _aTheory and problems of Macro Conomic Theory
942 _2ddc
_cBK
999 _c208
_d208